00866nam a2200241 a 4500001001000000003000400010005001700014008004100031040002500072049000900097082002000106100003200126245004600158260006400204300002000268600007000288650002800358650003100386910003800417942001400455952014000469999001500609000009333OSt20240412074211.0090929s1951 dr 000 p spa d aDO-SdBNPbspacBNPHU aBNPD aRD861.42bC468v1 aChapuseaux, Julio A.92407910aVersos a Trujillo /cJulio A. Chapuseaux. aCiudad Trujillo, República Dominicana :bRoldán,c1951. a70 p. ;c21 cm. 0aTrujillo Molina, Rafael Leónidas, d1891-1961xPoesías924080 0aPoesía dominicana966 0aLiteratura dominicana.967 aValidado. Control de calidad EMS. 2ddccLBS1 001050718RVaPDbPDcHDd2009-09-29iLF1l0oRD861.42 C468vp9333-10r2020-06-25w2020-06-25y1zDedicado por el autorZNo se presta c9093d9093